Dark sacred night / Michael Connelly.
Available copies
- 1 of 1 copy available at LARL/NWRL Consortium.
Current holds
0 current holds with 1 total copy.
View other formats and editions
Show Only Available Copies
| Location | Call Number / Copy Notes | Barcode | Shelving Location | Status | Due Date |
|---|---|---|---|---|---|
| Thief River Falls Public Library | BOOK-ON-CD CON (Text) | 35500005610512 | Main | Available | - |
Record details
- ISBN: 9781549142314
- ISBN: 1549142313
- ISBN: 9781549121043
- ISBN: 1549121049
- Physical Description: 9 audio discs (10 hr., 30 min.) : digital ; 4 3/4 ... Read More
- Edition: Unabridged.
- Publisher: [New York] : Hachette Audio, 2018.
Content descriptions
| General Note: | Title from web page. Compact discs. |
| Participant or Performer Note: | Read by Christine Lakin and Titus Welliver. |
| Summary, etc.: | LAPD Detective Renee Ballard returns to Hollywood ... Read More |
Search for related items by subject
| Genre: | Audiobooks. Detective and mystery fiction. Thrillers (Fiction) Mystery fiction. |
| Topic Heading: | Audiobooks, Unabridged. |
Search for related items by series
| LDR | 02628cim a2200613Ii 4500 | ||
|---|---|---|---|
| 001 | 303477 | ||
| 003 | LARL_NWRL_CONSORTIUM | ||
| 005 | 20211118171238.0 | ||
| 007 | sd fsngnnmmned | ||
| 008 | 180726s2018 nyunnnne f n eng d | ||
| 019 | . | ‡a1047674553 | |
| 020 | . | ‡a9781549142314 | |
| 020 | . | ‡a1549142313 | |
| 020 | . | ‡a9781549121043 ‡q(sound recording ; ‡qBlackstone Library CD) | |
| 020 | . | ‡a1549121049 ‡q(sound recording ; ‡qBlackstone Library CD) | |
| 024 | 3 | . | ‡a9781549142314 |
| 028 | 0 | 2. | ‡aDD40513 |
| 035 | . | ‡a(OCoLC)1047674389 ‡z(OCoLC)1047674553 | |
| 037 | . | ‡aZPck8n ‡bBlackstone Publishing | |
| 037 | . | ‡a40ck8n ‡bBlackstone Publishing | |
| 040 | . | ‡aTOH ‡beng ‡erda ‡cTOH ‡dTEF ‡dOCLCQ ‡dBLACP ‡dIK2 ‡dOCLCF ‡dGZD | |
| 043 | . | ‡an-us-ca | |
| 082 | 0 | 4. | ‡a813.54 ‡223 |
| 099 | . | ‡aMYS | |
| 100 | 1 | . | ‡aConnelly, Michael, ‡d1956- ‡eauthor. ‡0(LARL_NWRL_CONSORTIUM)103850 |
| 245 | 1 | 0. | ‡aDark sacred night / ‡cMichael Connelly. |
| 250 | . | ‡aUnabridged. | |
| 264 | 1. | ‡a[New York] : ‡bHachette Audio, ‡c2018. | |
| 300 | . | ‡a9 audio discs (10 hr., 30 min.) : ‡bdigital ; ‡c4 3/4 in. | |
| 306 | . | ‡a103000 | |
| 336 | . | ‡aspoken word ‡bspw ‡2rdacontent | |
| 337 | . | ‡aaudio ‡bs ‡2rdamedia | |
| 338 | . | ‡aaudio disc ‡bsd ‡2rdacarrier | |
| 490 | 0 | . | ‡aHarry Bosch ; ‡v21 |
| 490 | 0 | . | ‡aRenee Ballard ; ‡v2 |
| 490 | 0 | . | ‡aRenée Ballard and Harry Bosch ; ‡v1 |
| 500 | . | ‡aTitle from web page. | |
| 511 | 0 | . | ‡aRead by Christine Lakin and Titus Welliver. |
| 500 | . | ‡aCompact discs. | |
| 520 | . | ‡aLAPD Detective Renee Ballard returns to Hollywood Station to find a stranger rifling through old file cabinets. The intruder is retired detective Harry Bosch, investigating the death of fifteen-year-old Daisy Clayton. Daisy was a runaway on the streets of Hollywood who was brutally murdered and left in a dumpster. Now, Ballard joins forces with Bosch to find out what happened to Daisy and finally bring her killer to justice. | |
| 600 | 1 | 0. | ‡aBosch, Harry ‡vFiction. |
| 650 | 0. | ‡aBallard, Renee (Fictitious character) ‡vFiction. | |
| 650 | 0. | ‡aPolicewomen ‡vFiction. ‡0(LARL_NWRL_CONSORTIUM)166589 | |
| 651 | 0. | ‡aHollywood (Los Angeles, Calif.) ‡vFiction. ‡0(LARL_NWRL_CONSORTIUM)168501 | |
| 650 | 0. | ‡aCold cases (Criminal investigation) ‡vFiction. ‡0(LARL_NWRL_CONSORTIUM)171531 | |
| 650 | 0. | ‡aMurder ‡xInvestigation ‡vFiction. ‡0(LARL_NWRL_CONSORTIUM)166203 | |
| 655 | 7. | ‡aAudiobooks. ‡2lcgft ‡0(LARL_NWRL_CONSORTIUM)175801 | |
| 655 | 7. | ‡aDetective and mystery fiction. ‡2lcgft | |
| 655 | 7. | ‡aThrillers (Fiction) ‡2lcgft | |
| 655 | 7. | ‡aMystery fiction. ‡2gsafd | |
| 690 | . | ‡aAudiobooks, Unabridged. | |
| 700 | 1 | . | ‡aLakin, Christine, ‡d1979- ‡enarrator. |
| 700 | 1 | . | ‡aWelliver, Titus, ‡enarrator. ‡0(LARL_NWRL_CONSORTIUM)147191 |
| 710 | 2 | . | ‡aHachette Audio (Firm) ‡0(LARL_NWRL_CONSORTIUM)215348 |
| 901 | . | ‡a303477 ‡b ‡c303477 ‡tbiblio | |

Add to basket
Permalink
Enable Highlighting